Geography Quiz

Random Geography or State Quiz

States That Border Iowa Quiz Stats

 Plays Quiz Updated Sep 13, 2017

Challenge
Share
Tweet
Embed
Score 0/6 Timer 01:00
0 Plays Today
State % Correct
Illinois
93.4%
Nebraska
88.3%
Missouri
87.4%
South Dakota
86.3%
Minnesota
86.1%
Wisconsin
80.2%

You're not logged in!

Compare scores with friends on all Sporcle quizzes.
Join for Free
OR
Log In

You Might Also Like...

Show Comments

Extras

Top Quizzes Today


Score Distribution

Your Account Isn't Verified!

In order to create a playlist on Sporcle, you need to verify the email address you used during registration. Go to your Sporcle Settings to finish the process.

Report this User

Report this user for behavior that violates our Community Guidelines.

Details: